[Event "Elit(Upsala-Rockaden)"]
[Site "?"]
[Date "2008.11.15"]
[Round "2"]
[White "Blomqvist, Erik"]
[Black "Johansson, Jan"]
[Result "0-1"]
[WhiteElo "2474"]
[BlackElo "2478"]
[PlyCount "86"]

1. e4 e5 2. Nf3 d6 3. d4 exd4 4. Nxd4 Nf6 5. Nc3 g6 6. g3 Bg7 7. Bg2 O-O 8. O-O
Nc6 9. Nxc6 bxc6 10. h3 Rb8 11. Rb1 Re8 12. Bg5 h6 13. Be3 c5 14. Qd3 Bb7 15.
b4 Nd7 16. bxc5 Nxc5 17. Bxc5 dxc5 18. Qxd8 Rexd8 19. Na4 Bf8 20. Nc3 Bg7 21.
Na4 Bc6 22. Nxc5 Rxb1 23. Rxb1 Rd2 24. Nd3 Ba4 25. Rb8+ Kh7 26. Rb7 Bxc2 27.
Nf4 Bd4 28. Rxc7 Bxf2+ 29. Kh2 Bxe4 30. Rxf7+ Kg8 31. Re7 Bxg2 32. Kxg2 Rxa2
33. Kf3 Bc5 34. Rd7 Ra6 35. Ke4 Rd6 36. Rb7 a5 37. Rb5 Bb4 38. Ke5 Ra6 39. Ne6
Bc3+ 40. Kd5 a4 41. Nc5 Ra7 42. Kc4 Bg7 43. Rb8+ Kf7 0-1

[Event "Elit(Upsala-Rockaden)"]
[Site "?"]
[Date "2008.11.15"]
[Round "2"]
[White "Lundvik, Jonas"]
[Black "Olsson, Anders"]
[Result "0-1"]
[WhiteElo "2362"]
[BlackElo "2468"]
[PlyCount "112"]

1. d4 Nf6 2. Nf3 g6 3. Bg5 Bg7 4. Nbd2 d6 5. e4 h6 6. Bh4 Nh5 7. c3 O-O 8. Bc4
c5 9. dxc5 dxc5 10. O-O Nc6 11. Qe2 Qc7 12. Rad1 Bg4 13. h3 Bxf3 14. Nxf3 Rad8
15. Rxd8 Rxd8 16. Rd1 Rxd1+ 17. Qxd1 e6 18. Be2 Qb6 19. Qd2 g5 20. Bg3 Nxg3 21.
fxg3 Qc7 22. Kf2 Ne5 23. Nxe5 Bxe5 24. Qe3 Kg7 25. h4 Bf6 26. e5 Qxe5 27. Qxe5
Bxe5 28. hxg5 hxg5 29. g4 Bf4 30. b4 b6 31. Kf3 f5 32. Ba6 Kf6 33. Bc8 Ke5 34.
gxf5 exf5 35. Ke2 Bg3 36. Kd3 Bf2 37. Kc4 Kf6 38. Kd5 g4 39. b5 Kg5 40. Kc6 f4
41. Kb7 Kh4 42. Kxa7 c4 43. Bb7 f3 44. a4 Be1 45. gxf3 g3 46. f4 Bxc3 47. Kxb6
Bd4+ 48. Ka6 c3 49. Be4 Kg4 50. b6 Kxf4 51. b7 Be5 52. Ka7 Kxe4 53. a5 g2 54.
a6 g1=Q+ 55. Ka8 Qg8+ 56. Ka7 Bd4# 0-1

[Event "Elit(Upsala-Rockaden)"]
[Site "?"]
[Date "2008.11.15"]
[Round "2"]
[White "Bator, Robert"]
[Black "Burwick, Malte"]
[Result "1/2-1/2"]
[WhiteElo "2455"]
[BlackElo "2302"]
[PlyCount "43"]

1. d4 g6 2. Nf3 Bg7 3. c4 d6 4. g3 Nf6 5. Bg2 O-O 6. O-O Nbd7 7. Nc3 e5 8. e4
c6 9. Re1 h6 10. b3 Re8 11. h3 a6 12. Bb2 Nh7 13. dxe5 dxe5 14. b4 Ng5 15. Nd2
a5 16. a3 axb4 17. axb4 Rxa1 18. Bxa1 Nf6 19. h4 Nh3+ 20. Bxh3 Bxh3 21. Na4 Ng4
22. f3 1/2-1/2

[Event "Elit(Upsala-Rockaden)"]
[Site "?"]
[Date "2008.11.15"]
[Round "2"]
[White "Lindberg, Henrik"]
[Black "Engqvist, Thomas"]
[Result "0-1"]
[WhiteElo "2320"]
[BlackElo "2434"]
[PlyCount "138"]

1. e4 c6 2. d4 d5 3. exd5 cxd5 4. c4 Nf6 5. Nc3 Nc6 6. Nf3 Bg4 7. cxd5 Nxd5 8.
Qb3 Bxf3 9. gxf3 e6 10. Qxb7 Nxd4 11. Bb5+ Nxb5 12. Qc6+ Ke7 13. Qxb5 Qd7 14.
Nxd5+ Qxd5 15. Qxd5 exd5 16. Be3 Ke6 17. O-O Be7 18. Rfe1 Kf5 19. Rac1 Rhc8 20.
Rxc8 Rxc8 21. Bxa7 Bf6 22. Rd1 Ke6 23. Re1+ Kd6 24. b4 Ra8 25. Bc5+ Kc6 26. Rd1
Rxa2 27. Kf1 Bc3 28. Rd3 Ra1+ 29. Kg2 Be5 30. h3 f6 31. Bf8 Ra8 32. Bc5 Ra2 33.
Bf8 Ra8 34. Bc5 g5 35. Kf1 Ra1+ 36. Kg2 h5 37. Rd2 Rc1 38. Rd3 Rc4 39. Kf1 Rc1+
40. Kg2 h4 41. Be3 Rb1 42. Bc5 Rb2 43. Kf1 Rc2 44. Be3 Rc4 45. b5+ Kd6 46. Rb3
d4 47. Bd2 Rc2 48. Ke1 Kc7 49. Kd1 Ra2 50. b6+ Kb7 51. Ke1 Ra6 52. f4 gxf4 53.
Ke2 Ra2 54. Ke1 Bd6 55. Rd3 Bc5 56. Rb3 Bxb6 57. Bxf4 Kc6 58. Bd2 Bc5 59. Rf3
Kd5 60. Rxf6 d3 61. Be3 Bxe3 62. fxe3 Re2+ 63. Kd1 Ke4 64. Rf8 Kxe3 65. Re8+
Kf2 66. Rg8 Re3 67. Kd2 Rxh3 68. Rg7 Rg3 69. Rh7 h3 0-1

[Event "Elit(Upsala-Rockaden)"]
[Site "?"]
[Date "2008.11.15"]
[Round "2"]
[White "Hanninger, Simon"]
[Black "Marttala, Thomas"]
[Result "1-0"]
[WhiteElo "2299"]
[BlackElo "2251"]
[PlyCount "45"]

1. e4 e5 2. Bc4 Nf6 3. d4 Nc6 4. Nf3 exd4 5. e5 d5 6. Bb5 Ne4 7. Nxd4 Bd7 8.
Bxc6 bxc6 9. O-O Be7 10. f3 Nc5 11. f4 O-O 12. f5 Ne4 13. Nc3 Nxc3 14. bxc3 c5
15. Nb3 c4 16. Nd4 Kh8 17. Qf3 c5 18. Ne2 f6 19. e6 Ba4 20. Nf4 Bxc2 21. Qh3
Kg8 22. Rf3 Bd6 23. Qxh7+ 1-0

[Event "Elit(Upsala-Rockaden)"]
[Site "?"]
[Date "2008.11.15"]
[Round "2"]
[White "Andersson, Fredrik"]
[Black "Hedman, Erik"]
[Result "1/2-1/2"]
[WhiteElo "2317"]
[BlackElo "2414"]
[PlyCount "57"]

1. d4 Nf6 2. Nf3 c5 3. d5 b5 4. c4 Bb7 5. g3 bxc4 6. Nc3 e6 7. Bg5 Qb6 8. Bxf6
gxf6 9. Qd2 f5 10. Bg2 Bg7 11. O-O Na6 12. Rad1 O-O 13. Nh4 Rab8 14. Rb1 Nc7
15. Rfd1 Rfe8 16. Qg5 exd5 17. Nxf5 Qf6 18. Qxf6 Bxf6 19. Nd6 Re7 20. Nxb7 Rxb7
21. Bxd5 Rb6 22. Bxc4 Bxc3 23. bxc3 d5 24. Rxb6 axb6 25. Bxd5 Nxd5 26. Rxd5
Rxe2 27. Rd6 Rxa2 28. Rxb6 Ra3 29. Kf1 1/2-1/2

[Event "Elit(Upsala-Limhamn)"]
[Site "?"]
[Date "2008.12.05"]
[Round "3"]
[White "Ahlander, Bjorn"]
[Black "Johansson, Jan"]
[Result "1/2-1/2"]
[WhiteElo "2530"]
[BlackElo "2478"]
[PlyCount "126"]
[SourceDate "2008.12.08"]

1. d4 Nf6 2. c4 e6 3. Nc3 Bb4 4. e3 c5 5. Bd3 Nc6 6. Nf3 Bxc3+ 7. bxc3 d6 8.
O-O e5 9. e4 h6 10. dxe5 dxe5 11. Ne1 Nxe4 12. Be3 Nf6 13. Bxc5 Qc7 14. Nc2 Be6
15. Qb1 Rd8 16. Na3 b6 17. Nb5 Qb8 18. Be3 O-O 19. Be2 Rd7 20. a4 Rfd8 21. h3
Na5 22. Qb4 Rc8 23. Na3 Ne4 24. Rad1 Nc5 25. Rxd7 Bxd7 26. f4 Nc6 27. Qb1 Nxa4
28. Qe1 Qd6 29. Nb5 Qg6 30. f5 Qf6 31. Qd1 Nb8 32. Qxa4 a6 33. Qb4 axb5 34.
cxb5 Be8 35. Bf3 Nd7 36. Bb7 Rb8 37. Bc6 Nf8 38. Bd5 Nd7 39. c4 e4 40. Qd2 Qe7
41. Bd4 Nf6 42. Qf4 Rd8 43. Bxf6 Qxf6 44. Qxe4 Bd7 45. Kh1 Re8 46. Qd3 Re5 47.
g4 Kh8 48. Bg2 Qe7 49. Qd4 h5 50. f6 gxf6 51. Qxb6 hxg4 52. hxg4 Kg7 53. Bf3 f5
54. Qd4 fxg4 55. Bg2 f6 56. b6 Bc8 57. Rf4 Qb4 58. b7 Bxb7 59. Qd7+ Re7 60.
Qxg4+ Kh8 61. Qg3 Qe1+ 62. Qxe1 Rxe1+ 63. Kh2 Re2 1/2-1/2

[Event "Elit(Upsala-Limhamn)"]
[Site "?"]
[Date "2008.12.05"]
[Round "3"]
[White "Glimbrandt, Torbjorn"]
[Black "Hector, Jonny"]
[Result "1-0"]
[WhiteElo "2348"]
[BlackElo "2616"]
[PlyCount "133"]

1. c4 e5 2. Nc3 Nf6 3. g3 d5 4. cxd5 Nxd5 5. Bg2 Nb6 6. Nf3 Nc6 7. O-O Be7 8.
d3 Be6 9. Be3 f5 10. Na4 e4 11. Ne1 Qd7 12. Nc5 Bxc5 13. Bxc5 O-O-O 14. Qc1
Rhe8 15. dxe4 fxe4 16. Nc2 Bc4 17. Re1 Ba6 18. Nb4 Nxb4 19. Bxb4 e3 20. fxe3 h5
21. Qc5 h4 22. Rad1 Qxd1 23. Rxd1 Rxd1+ 24. Kf2 hxg3+ 25. hxg3 Kb8 26. Qh5 Rdd8
27. b3 Nd7 28. Bc3 Nf6 29. Qg6 Re7 30. Bf3 Rd6 31. Qg5 Rde6 32. Bd4 Rf7 33.
Bxf6 Rexf6 34. e4 Re7 35. Qd5 Rf8 36. Ke3 g6 37. Qg5 Rg7 38. Qh6 Rfg8 39. Qg5
b6 40. Qf6 g5 41. e5 Rg6 42. Qf7 Bb7 43. Bh5 R6g7 44. Qf6 Rh7 45. Bf7 Rgh8 46.
e6 Bc6 47. Qxg5 a5 48. Qf6 a4 49. Qd4 axb3 50. axb3 Rf8 51. Qg4 Bd5 52. e7
Rhxf7 53. exf8=Q+ Rxf8 54. b4 Kb7 55. Qd4 Re8+ 56. Kd3 Bf7 57. Qf6 Ba2 58. Qf3+
c6 59. g4 Bd5 60. Qf4 Ka6 61. g5 Ba2 62. e4 Kb5 63. g6 Bb1+ 64. Ke3 Ba2 65. g7
Rg8 66. Qf6 Bc4 67. Qe7 1-0

[Event "Elit(Upsala-Limhamn)"]
[Site "?"]
[Date "2008.12.05"]
[Round "3"]
[White "Jepson, Christian"]
[Black "Lundvik, Jonas"]
[Result "1/2-1/2"]
[WhiteElo "2444"]
[BlackElo "2362"]
[PlyCount "120"]

1. c4 c6 2. e4 d5 3. exd5 cxd5 4. cxd5 Nf6 5. Nc3 Nxd5 6. Nf3 e6 7. Bc4 Nc6 8.
O-O Be7 9. d4 O-O 10. Re1 b6 11. Nxd5 exd5 12. Bb5 Bb7 13. Bf4 Rc8 14. a3 Bf6
15. Re3 Re8 16. Rxe8+ Qxe8 17. Qd2 a6 18. Re1 Qd8 19. Ba4 b5 20. Bc2 g6 21. Bh6
Bg7 22. h4 Qa5 23. Bxg7 Qxd2 24. Nxd2 Kxg7 25. Nb3 Rc7 26. Bd3 Kf6 27. Kf1 Bc8
28. Rc1 Ke7 29. Ke1 Kd6 30. Kd2 Bd7 31. h5 Bg4 32. f3 Bc8 33. Rh1 Nd8 34. hxg6
hxg6 35. Nc5 Nc6 36. Nb3 Nd8 37. f4 Nc6 38. Rh8 Ke7 39. Ke3 Kf6 40. Re8 Re7+
41. Rxe7 Kxe7 42. Be2 Kd6 43. Nc5 Na5 44. b3 Ke7 45. Kd2 Kd6 46. Bd3 Nc6 47.
Kc3 Kc7 48. Be2 Ne7 49. g4 Kc6 50. Nd3 Be6 51. Ne5+ Kb6 52. g5 Nf5 53. Bg4 Ng7
54. Kd3 Bxg4 55. Nxg4 Nf5 56. Ne3 Nxe3 57. Kxe3 a5 58. f5 Kc6 59. Kf3 Kd7 60.
Kg4 Kc6 1/2-1/2

[Event "Elit(Upsala-Limhamn)"]
[Site "?"]
[Date "2008.12.05"]
[Round "3"]
[White "Lindberg, Henrik"]
[Black "Brynell, Stellan"]
[Result "0-1"]
[WhiteElo "2320"]
[BlackElo "2573"]
[PlyCount "74"]

1. e4 e6 2. d4 d5 3. Nc3 Nf6 4. Bg5 Bb4 5. e5 h6 6. Bd2 Bxc3 7. bxc3 Ne4 8. Bd3
Nxd2 9. Qxd2 c5 10. Nf3 Nc6 11. O-O c4 12. Be2 Bd7 13. g3 Qe7 14. Qc1 O-O-O 15.
Qb2 f5 16. Nd2 f4 17. a4 Be8 18. a5 Bg6 19. Rfb1 Rhf8 20. Qb5 Qc7 21. Qc5 Qe7
22. Qxe7 Nxe7 23. Bg4 Bf5 24. Bxf5 Nxf5 25. Rb4 Rd7 26. a6 fxg3 27. hxg3 b6 28.
Nb1 h5 29. Na3 h4 30. gxh4 Nxh4 31. Nb5 Kb8 32. Nd6 Rf3 33. Nb5 Rdf7 34. Rf1
R7f4 35. Kh2 Rg4 36. Rg1 Rxf2+ 37. Kh1 Nf3 0-1

[Event "Elit(Upsala-Limhamn)"]
[Site "?"]
[Date "2008.12.05"]
[Round "3"]
[White "Schneider, Stefan"]
[Black "Burwick, Malte"]
[Result "1/2-1/2"]
[WhiteElo "2451"]
[BlackElo "2302"]
[PlyCount "98"]

1. d4 g6 2. e4 Bg7 3. Nf3 d6 4. c3 Nf6 5. Bd3 O-O 6. O-O Nc6 7. Re1 e5 8. Na3
h6 9. Nc2 a6 10. Ne3 Ng4 11. h3 Nxe3 12. Bxe3 b6 13. Qd2 Kh7 14. Bc2 Qe7 15.
Nh2 Bb7 16. d5 Nd8 17. f4 Bc8 18. f5 Bd7 19. Rf1 g5 20. h4 f6 21. hxg5 fxg5 22.
Ng4 Bf6 23. Kf2 Kg7 24. Rh1 Rh8 25. Rh3 Nf7 26. Rah1 Rag8 27. Bd1 a5 28. Qd3
Be8 29. Qa6 Qd7 30. Be2 Qa4 31. Qa7 Qxe4 32. Qxc7 Qxd5 33. Rxh6 Bd8 34. f6+ Kf8
35. Qa7 Nxh6 36. Rxh6 Qf7 37. Qxf7+ Bxf7 38. Rxh8 Rxh8 39. Bxg5 Rg8 40. Bh6+
Ke8 41. Ke3 Rg6 42. Bg7 Bxa2 43. Bb5+ Kf7 44. Nh6+ Rxh6 45. Bxh6 Bxf6 46. Kf2
d5 47. Be3 d4 48. cxd4 exd4 49. Bf4 d3 1/2-1/2

[Event "Elit(Upsala-Limhamn)"]
[Site "?"]
[Date "2008.12.05"]
[Round "3"]
[White "Marttala, Thomas"]
[Black "Penalver, Osmani"]
[Result "1-0"]
[WhiteElo "2251"]
[BlackElo "2271"]
[PlyCount "49"]

1. e4 c5 2. Nf3 d6 3. d4 cxd4 4. Nxd4 Nf6 5. Nc3 a6 6. Bg5 e6 7. Qf3 Nbd7 8.
Be2 Qa5 9. Be3 Ne5 10. Qh3 Bd7 11. f4 Nc6 12. Nb3 Qc7 13. O-O Na5 14. Nd4 Nc4
15. Bxc4 Qxc4 16. Rad1 Qb4 17. e5 Ng8 18. f5 Qc4 19. fxe6 fxe6 20. Rxf8+ Kxf8
21. Qf3+ Ke8 22. Ne4 Qa4 23. Nxd6+ Ke7 24. Bg5+ Nf6 25. Bxf6+ 1-0

[Event "Elit(Upsala-Limhamn)"]
[Site "?"]
[Date "2008.12.05"]
[Round "3"]
[White "Nylen, Anders"]
[Black "Andersson, Fredrik"]
[Result "1/2-1/2"]
[WhiteElo "2242"]
[BlackElo "2317"]
[PlyCount "76"]

1. d4 Nf6 2. c4 g6 3. Nc3 Bg7 4. e4 d6 5. f3 O-O 6. Bg5 c5 7. d5 h6 8. Be3 e6
9. Qd2 exd5 10. cxd5 Re8 11. Nge2 h5 12. Nc1 a6 13. a4 Nbd7 14. Be2 Ne5 15. O-O
Nh7 16. Kh1 f5 17. N1a2 Bd7 18. exf5 Bxf5 19. Ne4 Nf7 20. Nac3 Qa5 21. Rfe1
Bxe4 22. Nxe4 Qxd2 23. Bxd2 Nf6 24. Bd3 Ne5 25. Nxf6+ Bxf6 26. Be4 Kf7 27. Bf4
b5 28. b3 Reb8 29. Bc2 c4 30. bxc4 Nxc4 31. Rac1 Bb2 32. Rb1 Bc3 33. Re6 bxa4
34. Bxg6+ Kg7 35. Rc1 Rb3 36. Bc2 Rb4 37. Bh6+ Kh8 38. Bd3 Nb2 1/2-1/2

[Event "Elit(Upsala-Limhamn)"]
[Site "?"]
[Date "2008.12.05"]
[Round "3"]
[White "Svensson, Mans"]
[Black "Eklund, Joel"]
[Result "1-0"]
[WhiteElo "2237"]
[BlackElo "2205"]
[PlyCount "95"]

1. d4 Nf6 2. c4 e6 3. Nc3 c5 4. d5 exd5 5. cxd5 d6 6. e4 g6 7. f3 Bg7 8. Bg5 h6
9. Be3 O-O 10. Qd2 Re8 11. a4 h5 12. Bb5 Nbd7 13. Nh3 a6 14. Be2 Rb8 15. Nf2
Qc7 16. O-O Nh7 17. f4 Nhf6 18. h3 c4 19. Ra3 h4 20. Bf3 b5 21. axb5 axb5 22.
Ra7 Qd8 23. Ne2 Nc5 24. Bxc5 dxc5 25. e5 Nh7 26. Rfa1 g5 27. Be4 f5 28. d6 fxe4
29. d7 Bxd7 30. Rxd7 e3 31. Qd5+ Kh8 32. Rxd8 exf2+ 33. Kxf2 Rbxd8 34. Qb7 Nf8
35. Qf7 gxf4 36. Ra7 Bxe5 37. Qh5+ Kg8 38. Qg5+ Kh8 39. Qxh4+ Kg8 40. Qg5+ Kh8
41. Re7 Rxe7 42. Qxe7 Ne6 43. Qxe6 Bg7 44. Qb6 Rd2 45. Qxb5 Bxb2 46. Qxc4 Bd4+
47. Kf3 Be3 48. g3 1-0

[Event "Elit(Farsta-Manhem)"]
[Site "?"]
[Date "2008.12.05"]
[Round "3"]
[White "Andersson, Bjorn"]
[Black "Hjelm, Niclas"]
[Result "1/2-1/2"]
[WhiteElo "2338"]
[BlackElo "2369"]
[PlyCount "29"]

1. e4 e5 2. Nf3 Nc6 3. Bc4 Bc5 4. c3 Nf6 5. d3 d6 6. Nbd2 Bb6 7. Bb3 O-O 8. O-O
Ne7 9. h3 Ng6 10. Nc4 h6 11. Re1 Be6 12. Nxb6 Bxb3 13. Qxb3 axb6 14. Be3 d5 15.
exd5 1/2-1/2

[Event "Elit(Farsta-Manhem)"]
[Site "?"]
[Date "2008.12.05"]
[Round "3"]
[White "Ong, Kezli"]
[Black "Akesson, Joel"]
[Result "0-1"]
[WhiteElo "2328"]
[BlackElo "2366"]
[PlyCount "114"]

1. e4 e6 2. d3 d5 3. Nd2 Nf6 4. Ngf3 b6 5. c3 c5 6. Be2 Be7 7. O-O O-O 8. Qc2
Ba6 9. Re1 Nc6 10. Nf1 e5 11. Ng3 Bc8 12. h3 d4 13. Nf5 Bxf5 14. exf5 dxc3 15.
bxc3 Qd7 16. g4 Rad8 17. Bf1 Nd5 18. Re4 Bd6 19. Bg5 f6 20. Bd2 Kh8 21. Rae1
Bb8 22. a3 Nc7 23. Qa2 Ne8 24. Bc1 Nd6 25. R4e3 Qc7 26. Bg2 Nb5 27. Qb2 a6 28.
Nh4 Na5 29. a4 Nd6 30. Kf1 Ba7 31. Qa2 Nf7 32. Bd5 b5 33. axb5 axb5 34. c4 b4
35. Bb2 Bb6 36. Kg2 Nc6 37. Rf3 Ne7 38. Be4 Ng5 39. Rfe3 Nxe4 40. dxe4 Nc6 41.
Rg3 Rd2 42. g5 Nd4 43. gxf6 gxf6 44. Qb1 Ne2 45. Bc1 Nf4+ 46. Kf1 Rd4 47. Be3
Rxc4 48. Qa2 Rxe4 49. f3 Rxe3 50. Rxe3 c4 51. Re4 b3 52. Qa3 Qc5 53. Qxc5 Bxc5
54. Re1 c3 55. Ng2 c2 56. Nxf4 exf4 57. Rg2 Be3 0-1

[Event "Elit(Farsta-Manhem)"]
[Site "?"]
[Date "2008.12.05"]
[Round "3"]
[White "Nithander, Victor"]
[Black "Magnusson, Jorgen"]
[Result "1-0"]
[WhiteElo "2436"]
[BlackElo "2295"]
[PlyCount "81"]

1. e4 c5 2. Nf3 d6 3. d4 cxd4 4. Nxd4 Nf6 5. Nc3 g6 6. Be3 Bg7 7. f3 Nc6 8. Qd2
O-O 9. Bc4 Bd7 10. O-O-O Rc8 11. Bb3 Ne5 12. Kb1 Nc4 13. Bxc4 Rxc4 14. g4 b5
15. b3 b4 16. bxc4 bxc3 17. Qxc3 Qc7 18. g5 Nh5 19. Ka1 Be5 20. Rb1 Rc8 21. Rb2
Qxc4 22. Qxc4 Rxc4 23. Rd1 Ba4 24. Rd2 Nf4 25. Kb1 Rc7 26. Rb4 Bd7 27. Rb8+ Kg7
28. Ne2 Nxe2 29. Rxe2 a6 30. Rd2 Rc4 31. f4 Bc3 32. Rd3 e5 33. Rb3 Bd4 34. Bxd4
exd4 35. Rd2 Bb5 36. a3 Ra4 37. Kb2 Bc6 38. Rb4 Rxb4+ 39. axb4 Bxe4 40. Rxd4 d5
41. c4 1-0

[Event "Elit(Farsta-Manhem)"]
[Site "?"]
[Date "2008.12.05"]
[Round "3"]
[White "Holm, Magnus"]
[Black "Moberg, Karl Johan"]
[Result "1/2-1/2"]
[WhiteElo "2209"]
[BlackElo "2308"]
[PlyCount "47"]

1. d4 Nf6 2. c4 g6 3. Nc3 d5 4. cxd5 Nxd5 5. e4 Nxc3 6. bxc3 Bg7 7. Bc4 c5 8.
Ne2 Nc6 9. Be3 O-O 10. Rc1 cxd4 11. cxd4 Qa5+ 12. Kf1 Qa3 13. Rc3 Qd6 14. h4
Rd8 15. h5 Be6 16. hxg6 hxg6 17. Bf4 Qb4 18. Bxe6 fxe6 19. a3 Qb5 20. Rb3 Qc4
21. Rc3 Qb5 22. Rb3 Qc4 23. Rc3 Qb5 24. Rb3 1/2-1/2

[Event "Elit(Farsta-Manhem)"]
[Site "?"]
[Date "2008.12.05"]
[Round "3"]
[White "Fendrich, David"]
[Black "Jaderberg, Bjorn"]
[Result "1-0"]
[WhiteElo "2254"]
[BlackElo "2226"]
[PlyCount "47"]

1. c4 Nf6 2. g3 e5 3. Bg2 c6 4. d4 exd4 5. Qxd4 Na6 6. Nc3 Bc5 7. Qd2 O-O 8.
Nh3 Re8 9. O-O Nc7 10. Nf4 Ne6 11. Nd3 Qe7 12. Re1 a5 13. Nxc5 Nxc5 14. e4 d6
15. b3 Ng4 16. Ba3 Qf6 17. Rad1 Be6 18. h3 Ne5 19. Bxc5 dxc5 20. f4 Ng6 21. f5
Qd4+ 22. Qxd4 cxd4 23. Na4 b5 24. Nc5 1-0

[Event "Elit(Farsta-Manhem)"]
[Site "?"]
[Date "2008.12.05"]
[Round "3"]
[White "Lindeman, Sven"]
[Black "Kinnmark, Ove"]
[Result "1/2-1/2"]
[WhiteElo "2212"]
[BlackElo "2256"]
[PlyCount "82"]

1. e4 e5 2. Nf3 Nc6 3. Bb5 a6 4. Ba4 Nf6 5. O-O Be7 6. Re1 b5 7. Bb3 d6 8. c3
O-O 9. h3 Nb8 10. d4 Nbd7 11. Nbd2 Bb7 12. Bc2 Re8 13. Nf1 Bf8 14. Ng3 g6 15.
b3 a5 16. a4 c6 17. Bd3 bxa4 18. Rxa4 Ba6 19. Bc2 c5 20. dxe5 dxe5 21. c4 Bb7
22. Bg5 Bc6 23. Ra3 Qc7 24. Qc1 Kh8 25. Bd2 a4 26. Bc3 axb3 27. Rxa8 Bxa8 28.
Bxb3 Bg7 29. Ba4 Bc6 30. Qc2 h6 31. Nd2 Ra8 32. Bxc6 Qxc6 33. Ngf1 Nh5 34. Ne3
Nf8 35. Nf3 f6 36. Nd5 Kh7 37. Rb1 Ra6 38. Qb3 Ne6 39. Qb8 Ra8 40. Qb5 Ra6 41.
Qb8 Ra8 1/2-1/2

[Event "Elit(Farsta-Manhem)"]
[Site "?"]
[Date "2008.12.05"]
[Round "3"]
[White "Welin, Mats"]
[Black "Hedin, Gunnar"]
[Result "1-0"]
[WhiteElo "2302"]
[BlackElo "2175"]
[PlyCount "77"]

1. e4 e6 2. d4 d5 3. Nc3 Nf6 4. Bg5 dxe4 5. Nxe4 Be7 6. Bxf6 gxf6 7. Nf3 b6 8.
Bd3 Bb7 9. Qe2 c6 10. c4 Nd7 11. O-O Nf8 12. Rfd1 Ng6 13. Qe3 Qc7 14. c5 f5 15.
Ned2 Rg8 16. Bf1 Nf4 17. Nc4 Nd5 18. Qa3 Qf4 19. Rac1 a5 20. g3 b5 21. Bg2 Qc7
22. Nd6+ Kf8 23. Ne5 b4 24. Qa4 Bxd6 25. cxd6 Qxd6 26. Nxc6 Bxc6 27. Rxc6 Qd7
28. Qc2 Kg7 29. Rc1 Rgd8 30. Rc5 Ra7 31. Bxd5 exd5 32. Qd2 h6 33. Rc6 f6 34.
Qf4 Kg6 35. g4 Re8 36. Rc7 Rxc7 37. Rxc7 Re4 38. gxf5+ Kh5 39. Qf3+ 1-0

[Event "Elit(Farsta-Manhem)"]
[Site "?"]
[Date "2008.12.05"]
[Round "3"]
[White "Lagerborg, Krister"]
[Black "Liljedahl, Lennart"]
[Result "0-1"]
[WhiteElo "2065"]
[BlackElo "2238"]
[PlyCount "78"]

1. e4 d5 2. exd5 Qxd5 3. Nc3 Qa5 4. d4 Nf6 5. Nf3 Bg4 6. Bd2 c6 7. Be2 Nbd7 8.
h3 Bxf3 9. Bxf3 e6 10. Ne4 Qa6 11. Qe2 Qb6 12. c3 Qxb2 13. O-O Qb6 14. Rfe1
Nxe4 15. Bxe4 Nf6 16. Bc2 Bd6 17. Rab1 Qc7 18. c4 Rd8 19. Bc3 Be7 20. g3 Rd7
21. Rbd1 b5 22. c5 Nd5 23. Bb2 Bf6 24. h4 h5 25. Qe4 Kf8 26. f4 g6 27. Qf3 Kg7
28. Be4 a5 29. a4 Rb8 30. Rd2 bxa4 31. Bxd5 Rxd5 32. Kg2 Rb3 33. Re3 Qb7 34.
Bc3 Qb5 35. Ba1 Rd7 36. Qf2 Qc4 37. Ree2 Rb1 38. Bb2 Qd5+ 39. Kh2 Rh1# 0-1

[Event "Elit(Orgryte-Sollentuna)"]
[Site "?"]
[Date "2008.12.05"]
[Round "3"]
[White "Berg, Emanuel"]
[Black "Frisk Kockum, Anton"]
[Result "1-0"]
[WhiteElo "2706"]
[BlackElo "2319"]
[PlyCount "121"]
[SourceDate "2008.12.08"]

1. e4 e6 2. d4 d5 3. Nc3 Bb4 4. e5 Qd7 5. a3 Bxc3+ 6. bxc3 b6 7. Qg4 f5 8. Qg3
Ba6 9. Bxa6 Nxa6 10. Ne2 Kf7 11. Nf4 Ne7 12. a4 c5 13. Qd3 Qb7 14. Ba3 Rac8 15.
O-O Ng6 16. Ne2 Rhe8 17. Rfb1 Kg8 18. a5 cxd4 19. cxd4 Rc4 20. axb6 axb6 21.
Qb3 Nb8 22. Bd6 Nd7 23. Ra2 Ra8 24. Rba1 Rcc8 25. g3 Rxa2 26. Rxa2 Kf7 27. h4
Ra8 28. h5 Ne7 29. Nf4 Rxa2 30. Qxa2 b5 31. Bxe7 Kxe7 32. Qa3+ b4 33. Qb3 Qb6
34. c3 bxc3 35. Qxc3 Nf8 36. Kg2 Qd8 37. Qc6 Qd7 38. Qc5+ Kf7 39. Qb6 g5 40.
hxg6+ hxg6 41. Nd3 g5 42. Nc5 Qe8 43. Nb7 Kg8 44. Nd6 Qe7 45. Qb8 Kh7 46. Ne8
Nd7 47. Qc8 Kg6 48. Nd6 Nf8 49. Qc6 g4 50. Qc5 Qd8 51. Qa7 Nd7 52. Qb7 Kh5 53.
Nxf5 exf5 54. Qxd5 Qe7 55. e6 Nf6 56. Qxf5+ Kh6 57. d5 Qd8 58. d6 Qa8+ 59. Kh2
Ne4 60. e7 Ng5 61. Qf8+ 1-0

[Event "Elit(Orgryte-Sollentuna)"]
[Site "?"]
[Date "2008.12.05"]
[Round "3"]
[White "Ziegler, Ari"]
[Black "Ernst, Thomas"]
[Result "1/2-1/2"]
[WhiteElo "2434"]
[BlackElo "2504"]
[PlyCount "151"]

1. d4 Nf6 2. Nf3 g6 3. e3 Bg7 4. Be2 O-O 5. O-O d5 6. c4 c6 7. Nc3 Bg4 8. cxd5
cxd5 9. Qb3 Bc8 10. Bd2 Nc6 11. Rfc1 e6 12. Be1 Rb8 13. Qa3 Re8 14. b4 Bf8 15.
Na4 a5 16. Nc5 axb4 17. Bxb4 Nxb4 18. Qxb4 Nd7 19. Qd2 Nxc5 20. dxc5 Qc7 21.
Nd4 Bd7 22. Bb5 Bxb5 23. Nxb5 Qd7 24. Nd4 Rec8 25. Nb3 Ra8 26. e4 d4 27. Rc2 e5
28. Rd1 Ra4 29. Qg5 Qe6 30. h3 f6 31. Qh4 Be7 32. Qg3 Rca8 33. Rdd2 f5 34. Re2
Bf6 35. Qd3 Qa6 36. Nc1 Ra3 37. Qxa6 R8xa6 38. Rb2 d3 39. Re3 Bg5 40. Rxd3 Bxc1
41. Rd8+ Kg7 42. Rxb7+ Kf6 43. Rb6+ Kg5 44. Rd1 Bf4 45. g3 Bxg3 46. Rxa6 Bxf2+
47. Kxf2 Rxa6 48. Rd2 Kf4 49. exf5 gxf5 50. Rc2 Rc6 51. a4 Ke4 52. a5 Kd5 53.
Ra2 Ra6 54. Ke3 Kxc5 55. Rf2 Rf6 56. a6 Kb6 57. Ra2 Rh6 58. Kf2 Ka7 59. Ra5 Re6
60. Ke3 h5 61. h4 Re8 62. Kf3 Re7 63. Ke3 Re6 64. Kf3 Re7 65. Ke3 Kb6 66. Ra1
Rg7 67. Kf3 Rc7 68. Ke3 Ra7 69. Rf1 Rf7 70. Ra1 Rg7 71. Kf3 Ka7 72. Ra5 e4+ 73.
Kf4 Rg4+ 74. Kxf5 Rxh4 75. Re5 Kxa6 76. Rxe4 1/2-1/2

[Event "Elit(Orgryte-Sollentuna)"]
[Site "?"]
[Date "2008.12.05"]
[Round "3"]
[White "Agrest, Evgenij"]
[Black "Arnelind, Mikael"]
[Result "1/2-1/2"]
[WhiteElo "2683"]
[BlackElo "2277"]
[PlyCount "118"]

1. c4 Nf6 2. Nc3 c5 3. Nf3 Nc6 4. d4 cxd4 5. Nxd4 g6 6. g3 Bg7 7. Bg2 Nxd4 8.
Qxd4 O-O 9. O-O d6 10. Qd3 Bf5 11. e4 Be6 12. b3 Nd7 13. Be3 Ne5 14. Qd2 Bh3
15. f3 Bxg2 16. Kxg2 Qa5 17. Rac1 Rfe8 18. Rc2 Rac8 19. Rd1 Nc6 20. Bf2 Rcd8
21. Qe1 Rd7 22. Qd2 Rdd8 23. Nb5 Qxd2 24. Rcxd2 b6 25. f4 Rc8 26. g4 a6 27. Na3
Rb8 28. Nb1 f5 29. exf5 gxf5 30. g5 h6 31. h4 hxg5 32. hxg5 Kf7 33. Re2 Red8
34. Red2 Rf8 35. a3 b5 36. cxb5 Rxb5 37. Rd3 Rfb8 38. Nd2 Nd8 39. Be3 Ne6 40.
b4 Rc8 41. Nb3 Bb2 42. Na5 Rc2+ 43. R1d2 Rxd2+ 44. Bxd2 Rb8 45. Kg3 Rc8 46. a4
Nd4 47. Be3 Nc2 48. Bd2 Nd4 49. Be3 Nc2 50. b5 axb5 51. axb5 Nxe3 52. Rxe3 Bd4
53. Rd3 Bb6 54. Nc6 Ra8 55. Rb3 Ra1 56. Nb4 Rg1+ 57. Kh2 Rd1 58. Nd3 Ke6 59.
Nb4 Kf7 1/2-1/2

[Event "Elit(Orgryte-Sollentuna)"]
[Site "?"]
[Date "2008.12.05"]
[Round "3"]
[White "Hultin, Johan"]
[Black "Sagit, Rauan"]
[Result "1/2-1/2"]
[WhiteElo "2298"]
[BlackElo "2404"]
[PlyCount "129"]

1. d4 Nf6 2. Nf3 e6 3. c4 b6 4. Bf4 Bb4+ 5. Nbd2 Bb7 6. e3 O-O 7. Be2 Ne4 8.
O-O Nxd2 9. Nxd2 Bxd2 10. Qxd2 d6 11. f3 Nd7 12. e4 a5 13. b3 e5 14. Be3 exd4
15. Bxd4 Nc5 16. g4 Ne6 17. Bb2 h5 18. Kh1 hxg4 19. fxg4 Qg5 20. Qxg5 Nxg5 21.
h4 Bxe4+ 22. Kh2 Ne6 23. Kg3 a4 24. b4 a3 25. Bc3 c6 26. Bf3 Bxf3 27. Rxf3 Rfd8
28. Rd1 d5 29. cxd5 Rxd5 30. Rxd5 cxd5 31. Bd2 d4 32. Kf2 Kf8 33. Ke2 Ke7 34.
Kd1 Ra7 35. Bc1 Kd6 36. Rxa3 Rxa3 37. Bxa3 Kd5 38. Bc1 Kc4 39. Bd2 b5 40. h5 f6
41. Ke2 Ng5 42. Be1 Nf7 43. Bd2 Ne5 44. g5 fxg5 45. Bxg5 d3+ 46. Kd1 Kc3 47.
Bd2+ Kd4 48. Bg5 Nc4 49. h6 gxh6 50. Bxh6 Kc3 51. Bg7+ Kxb4 52. Bf8+ Ka5 53.
Be7 Kb6 54. Bf8 Kc6 55. Be7 Kd5 56. Bf8 Nb6 57. Kd2 Kc4 58. Bg7 b4 59. Bf8 Nd5
60. Bd6 Kd4 61. Bf8 Kc4 62. Bd6 Nc3 63. Bxb4 Ne4+ 64. Ke3 Kxb4 65. Kxd3 1/2-1/2